000 00896cab a22002055a 4500
001 L147369
008 090506e20090501xxkad f s 000 0 eng d
035 _a(Sirsi) u147369
041 0 _aeng
100 1 _aSandher, Hardeep
245 0 0 _aRegional report
_bYorkshire and north Lincs
260 _c2009
490 0 _aProperty Week
_v75(18) 1 May 2009, 75-93(6)
520 _aReports on news and deals from around the region. Reveals that a mixed-use scheme in Leeds has an uncertain future less than a year after it opened and that Harrogate is attracting wealthy retail property investors. Reports that a bitter dispute has brought a regeneration scheme in Dewsbury to a standstill and jeopardised the fabric of a listed building.
590 _aKA
651 4 _aYorkshire
_y1888-
690 _aPROPERTY-COMMERCIAL PROPERTY-COMMERCIAL PROPERTY MARKET
700 1 _aDoyle, David
942 _n0
999 _c81515
_d81515